| 000 | 00457nam a2200145Ia 4500 | ||
|---|---|---|---|
| 008 | 190813s9999 xx 000 0 und d | ||
| 020 | _a9780807076927 | ||
| 100 | _aTheoharis, Jeanne. | ||
| 245 |
_cJeanne Theoharis.-- _aThe Rebellious life of Mrs. Rosa Parks / |
||
| 260 |
_aUSA : _bBeacon press _c2013 |
||
| 300 | _axxx, 306 pages. | ||
| 500 | _aIncludes bibliographic references and index. | ||
| 650 | _aCivil rights workers | ||
| 650 | _aRace relations. | ||
| 999 |
_c362034 _d362034 |
||